Kinderserien Charaktere #1 leicht - Statistiken

Allgemein
  • Dieses Quiz wurde 285 mal gespielt
  • Das Durchschnittsergebnis liegt bei 8 aus 16
Antwortstatistiken
Bildquiz Antwort % Korrekt
Kim Possible
97%
Cosmo
90%
Bugs Bunny
85%
Jimmy Neutron
74%
Shego
64%
Cornelius Filmore
56%
Sabrina Spellman
55%
Danny Phantom
50%
Leonardo
48%
Jake Long
42%
Brain
36%
T.J. Detweiler
33%
Ingrid Third
23%
Mikey Blumberg
20%
Shir Khan
10%
Gruffi
7%
Keine übereinstimmenden Quizze gefunden
Verteilung der Resultate
Anzahl Personen mit jedem Resultat
Perzentil nach korrekt beantworteten Fragen
Ihre Resultats-Entwicklung
Sie haben dieses Quiz noch nicht gespielt